Catálogo público

Procampo, vamos al grano para progresar / (Record no. 183538)

MARC details
000 -CABECERA
campo de control de longitud fija 00651nam a2200217Ia 4500
001 - NÚMERO DE CONTROL
campo de control IA_4142
008 - DATOS DE LONGITUD FIJA--INFORMACIÓN GENERAL
campo de control de longitud fija 220117sS.A. xx 000 0 und d
010 ## - NÚMERO DE CONTROL DE LA BIBLIOTECA DEL CONGRESO
Número de control de LC 183538
090 ## - LOCALMENTE ASIGNADO TIPO-LC NÚMERO DE CLASIFICACIÓN (OCLC); NÚMERO DE CLASIFICACIÓN LOCAL (RLIN)
Número de clasificación (OCLC) (R) ; Numero de clasificación, CALL (RLIN) (NR) FOLLETO 2482
100 ## - ENTRADA PRINCIPAL--NOMBRE DE PERSONA
Nombre de persona Secretaría de agricultura y recursos hidráulicos. México
245 ## - MENCIÓN DE TÍTULO
Título Procampo, vamos al grano para progresar /
Mención de responsabilidad, etc. Secretaría de agricultura y recursos hidráulicos. México
260 ## - PUBLICACIÓN, DISTRIBUCIÓN, ETC.
Lugar de publicación, distribución, etc. México :
Nombre del editor, distribuidor, etc. SARH,
Fecha de publicación, distribución, etc. S.A.
300 ## - DESCRIPCIÓN FÍSICA
Extensión 8 h.
500 ## - NOTA GENERAL
Nota general S/c
650 ## - PUNTO DE ACCESO ADICIONAL DE MATERIA--TÉRMINO DE MATERIA
Término de materia o nombre geográfico como elemento de entrada Procampo
9 (RLIN) 155698
901 ## - ELEMENTOS DE DATOS A LOCAL LDA (RLIN)
a FOLLETO 2482
902 ## - ELEMENTOS DE DATOS B LOCAL, LDB (RLIN)
a M
904 ## - ELEMENTOS DE DATOS D LOCAL, LDD (RLIN)
a S.A.
942 ## - ELEMENTOS DE PUNTO DE ACCESO ADICIONAL (KOHA)
Tipo de ítem Koha Folleto__

No items available.